书目信息 |
| 题名: |
建筑五宗师
|
|
| 作者: | 刘叙杰 , 林洙 , 杨永生 著 | |
| 分册: | ||
| 出版信息: | 天津 百花文艺出版社 2005.05 |
|
| 页数: | 172页 | |
| 开本: | 23cm | |
| 丛书名: | ||
| 单 册: | ||
| 中图分类: | K826.16 | |
| 科图分类: | ||
| 主题词: | 建筑师--jian zhu shi--生平事迹--中国 | |
| 电子资源: | ||
| ISBN: | 7-5306-4229-4 | |
| 000 | 00896nam0 2200253 450 | |
| 001 | 012006435133 | |
| 005 | 20060411155802.37 | |
| 010 | @a7-5306-4229-4@dCNY22.00 | |
| 100 | @a20060411d2005 km y0chiy0120 ea | |
| 101 | 0 | @achi |
| 102 | @aCN@b120000 | |
| 105 | @aac a 000yy | |
| 200 | 1 | @a建筑五宗师@Ajian zhu wu zong shi@f杨永生, 刘叙杰, 林洙著@Fyang yong sheng,liu xu jie,lin zhu zhu |
| 210 | @a天津@c百花文艺出版社@d2005.05 | |
| 215 | @a172页@c图,肖像@d23cm | |
| 320 | @a有书目 (第172页)。 | |
| 330 | @a本书以的语言,珍贵的照片,生动、细腻地描绘了中国现代建筑史上成就斐然的五位建筑大师的生命历程。资料翔实、丰富,有些是鲜为人知的。 | |
| 606 | 0 | @a建筑师@Ajian zhu shi@x生平事迹@y中国 |
| 690 | @aK826.16@v4 | |
| 701 | 0 | @a刘叙杰@Aliu xu jie@4著 |
| 701 | 0 | @a林洙@Alin zhu@4著 |
| 701 | 0 | @a杨永生@Ayang yong sheng@4著 |
| 801 | 0 | @aCN@bQSSK@c20060411 |
| 905 | @a10447@dK826.16@eY326 | |
| 建筑五宗师/杨永生, 刘叙杰, 林洙著.-天津:百花文艺出版社,2005.05 |
| 172页:图,肖像;23cm |
| ISBN 7-5306-4229-4:CNY22.00 |
| 本书以的语言,珍贵的照片,生动、细腻地描绘了中国现代建筑史上成就斐然的五位建筑大师的生命历程。资料翔实、丰富,有些是鲜为人知的。 |
| ● |
| 相关链接 |
|
|
|
正题名:建筑五宗师
索取号:K826.16/Y326
 
预约/预借
| 序号 | 登录号 | 条形码 | 馆藏地/架位号 | 状态 | 备注 |
| 1 | 557686 | 205576866 | 社科库309/309社科库 55排6列6层/ [索取号:K826.16/Y326] | 在馆 | |
| 2 | 557687 | 205576875 | 社科库309/309社科库 55排6列6层/ [索取号:K826.16/Y326] | 在馆 | |
| 3 | 557688 | 205576884 | 社科库309/309社科库 55排6列6层/ [索取号:K826.16/Y326] | 在馆 |